000
00258nam a2200097 a 4500
005
20200930075932.0
008
120131s1889 000 spa d
245
3
_a
La enseƱanza de la historia en las escuelas.
260
_a
Barcelona,
_c
1889.
999
_c
36276
_d
36276
040
_a
DO-SdBNP